00741nam a2200181 i 4500001000700000003000900007005001700016007000300033008004100036100003900077245012900116260005900245300002200304610003500326852003200361999001900393952014700412129896ES-MaACL20230906193612.0t|070710s1939 sp ||||1| spa d1 aZulaica Gárate, Román.911844614aLos franciscanos y la imprenta en México en el siglo XVI b: estudio bio-bibliográfico / cpor Román Zulaica Gárate. aMéxico : bEdit. Pedro Robredo, c1939 (fA. Bosque) a373 p. ; c24 cm.2 aFranciscanos-zMéxico.94177 aES-MaACLjF-15235 bR.18884 c129896d129896 00102udc40708Biblioteca_profesional aATENEOMbATENEOMcSPP2d2008-01-17l0oF-15235p1135257r2023-02-23 00:00:00w2023-02-23yMONOGRAFIA